Opportunities for innovation and sustainability in the present challenging world of business/s / (Record no. 144244)
[ view plain ]
| 000 -LEADER | |
|---|---|
| fixed length control field | 00692nam a22001937a 4500 |
| 010 ## - LCCN (DPL NO) | |
| LC control number | ENG-120532 |
| 020 ## - INTERNATIONAL STANDARD BOOK NUMBER | |
| International Standard Book Number | 9789381899564 |
| Terms of availability | 100.00 |
| 035 ## - SYSTEM CONTROL NUMBER | |
| System control number | EN-104064 |
| 037 ## - SOURCE OF ACQUISITION | |
| Source of stock number/acquisition | DBPD/PUB |
| 082 ## - DEWEY DECIMAL CLASSIFICATION NUMBER | |
| Classification number | 658.4063 |
| 245 ## - TITLE STATEMENT | |
| Title | Opportunities for innovation and sustainability in the present challenging world of business/s / |
| Statement of responsibility, etc | edited by Nirmala Mohan, M. Menaka [and] Shirley Devakirubai |
| 260 ## - PUBLICATION, DISTRIBUTION, ETC. (IMPRINT) | |
| Place of publication, distribution, etc | Chennai |
| Name of publisher, distributor, etc | Sakthi Publishers |
| Date of publication, distribution, etc | 2016 |
| 270 ## - ADDRESS | |
| Address | No. 12, Anna Street, Chitlapkkam, Chennai |
| City | Tamilnadu |
| Postal code | 600064 |
| 300 ## - PHYSICAL DESCRIPTION | |
| Extent | viii,72p. |
| Other physical details | 22cm(pbk). |
| 700 ## - ADDED ENTRY--PERSONAL NAME | |
| Personal name | Mohan, Nirmala |
| 700 ## - ADDED ENTRY--PERSONAL NAME | |
| Personal name | Menaka, M. |
| 700 ## - ADDED ENTRY--PERSONAL NAME | |
| Personal name | Devakirubai, Shirley |
| 942 ## - ADDED ENTRY ELEMENTS (KOHA) | |
| Source of classification or shelving scheme | Dewey Decimal Classification |
| Item type | English Books |
| Classification part | 658.4063 |
| Call number suffix | OPP |
| Withdrawn status | Lost status | Not for loan | Collection code | Home library | Current library | Date acquired | Source of acquisition | Cost, normal purchase price | Full call number | Barcode | Copy number | Cost, replacement price | Koha item type |
|---|---|---|---|---|---|---|---|---|---|---|---|---|---|
| Not For Loan | Non-fiction | D.B.Act.Division | Bawana | 11/09/2017 | DBAD/PUB | 100.00 | 658.4063 OPP | EN-104064 | 1 | 100.00 | English Books |
